Concerto grosso; Konzert fur Harfe und Orcheste (Запис номер 516279)
[ съкратено ]
| 000 -Лидер | |
|---|---|
| Лидер | 01798njm a2200349 a 4500 |
| 003 - Код на организацията, давaща контролен номер | |
| Код на организацията, даваща контролен номер | BLK |
| 005 - Дата и час на последна редакция | |
| Дата и час на последна редакция | 20250301005541.0 |
| 007 - Фиксирано поле за физическо описани | |
| Физическо описание | sd asmalaaahaa |
| 008 - Елементи от данни с фиксирана дължина | |
| Елементи с фиксирана дължина | 221104b bu |||||s|||| 00| | bu d |
| 028 ## - PUBLISHER NUMBER | |
| Издателски номер | 825985 |
| 040 ## - Източник на каталожния запис | |
| Код на библиотеката | BLK |
| 041 ## - Код за език | |
| Език на записа | Немски |
| Език за КДБФ | Немски |
| 080 ## - УДК | |
| УДК текст | Симфонии. За симфоничен оркестър |
| УДК код | 785.11.082.1 |
| УДК – определител | (086.72) |
| УДК – код + определител | 785.11.082.1(086.72) |
| 080 ## - УДК | |
| УДК текст | Концерт за арфа и оркестър |
| УДК код | 785.6:787.5 |
| УДК – определител | (086.72) |
| УДК – код + определител | 785.6:787.5(086.72) |
| 100 ## - Редна дума - Автор | |
| R(LIN) | 1299 |
| Автор | Meyer, Ernst Hermann |
| Авторска отговорност | първи автор |
| 245 ## - Сведения за заглавието | |
| Заглавие | Concerto grosso; Konzert fur Harfe und Orcheste |
| Авторска отговорност | Ernst Hermann Meyer |
| 260 ## - Област на издателските данни | |
| 9 (RLIN) | 215027 |
| Място на издаване | Berlin |
| Име на издателя | Deutsche Schallplatten |
| Година на издаване | 1969 |
| 300 ## - Физическа характеристика | |
| Брой страници | 1 грамофонна плоча |
| Илюстрации | 33 об/мин., стерео |
| Размер | 30 см |
| 380 ## - Жанр | |
| Жанр | Изкуство |
| 490 ## - СЕРИИ (Колекции) | |
| Серия | Eterna |
| 9 (RLIN) | 493861 |
| 490 ## - СЕРИИ (Колекции) | |
| Серия | Unsere neue Musik |
| 9 (RLIN) | 494075 |
| Номер в серията | 40 |
| 500 ## - Общи забележки | |
| Обща забележка | (01) Ernst Hermann Meyer - Concerto grosso (1966)<br/>für zwei Trompeten, Tnorposaune, Pauken und Streichorchester<br/>(mit Solo-Violine)<br/><br/>(01a) Poco adagio: Allegro assai moderato<br/>(01b) Lento<br/>(01c) Allegretto assai tranquillo<br/>----<br/>(02) Ernst Hermann Meyer - Konzert für Harfe und Orchester (1968)<br/>(02a) Allegro moderato<br/>(02b) Notturno. Larghetto<br/>(02c) Finale. Con moto e sforza |
| 511 ## - Забележка за участници или изпълнители | |
| Забележка за участници | Kammerorchester Berlin<br/>Dirigent: Helmut Koch<br/><br/>Gustav Schmahl, Violine<br/>Willy Krug, Trompete I<br/>Heinz Gursch, Trompete II<br/>Harald Winkler, Posaune<br/><br/>Kammerorchester Berlin<br/>Dirigent: Helmut Koch<br/><br/>Jutta Zoff, Harfe |
| 653 ## - Ключова дума – ненормативна | |
| 9 (RLIN) | 196604 |
| Ключови думи | симфонична музика |
| 653 ## - Ключова дума – ненормативна | |
| 9 (RLIN) | 189133 |
| Ключови думи | концерти |
| 653 ## - Ключова дума – ненормативна | |
| 9 (RLIN) | 181337 |
| Ключови думи | арфа |
| 852 ## - Местоположение | |
| Сигнатура (форматна) | Ф ІІ 1554 |
| Отдел | Хранилище |
| 856 ## - Електронен адрес и достъп | |
| Инструкция (цена за достъп) | 0.00 |
| Права за достъп | disable |
| 942 ## - АРТИКУЛИ | |
| Вид на библиотечния документ | Грамофонни плочи |
| Скрит в OPAC | Не |
| 944 ## - СЪЗДАВАНЕ И РЕДАКЦИЯ на ЗАПИСА | |
| Дата на регистрацията/редакция | Христина Везирева |
| Служител, извършил регистрацията/редакцията | |
| Статус, дата на статуса | CRON CRON |
| 999 ## - СИСТЕМНИ КОНТРОЛНИ НОМЕРА | |
| Koha biblionumber | 516279 |
| Koha biblioitemnumber | 516279 |
| 999 ## - СИСТЕМНИ КОНТРОЛНИ НОМЕРА | |
| Koha biblioitemnumber | 516279 |
| Код за отписване | Код за изгубен артикул | Източник на класификационната схема | Код за повреда | Код за отдаване | Артикулен № | Име на библиотеката - собственик | Име на библиотеката, в която се намира в момента | Статус (Текущо местоположение) | Дата на вписване в системата | Местоположение - отдел | Цена в лева | Инвентарен номер | Систематично азбучна сигнатура | Баркод | Цена в евро | Служебен тип на артикула |
|---|---|---|---|---|---|---|---|---|---|---|---|---|---|---|---|---|
| Не е изгубен | Universal Decimal Classification | Не е повреден | ползва се в читалня | 947961 | Регионална библиотека "Любен Каравелов" Русе | Регионална библиотека "Любен Каравелов" Русе | Хранилище | 2024-08-30 | Основен фонд - ползва се само за читалня | 6.00 | 4986 | Ф ІІ 1554 | 900000107373 | 3.07 | Грамофонни плочи |